banner koha

Descricao sumaria das principais realizacoes do Programa de Pesquisa e Desenvolvimento Pesqueiro do Brasil - PDP 1970/1976 (Registro n. 264284)

MARC details
000 -LÍDER
campo de controle de tamanho fixo 00909nac a22002417a 4500
001 - NÚMERO DE CONTROLE
campo de controle BR7305610
003 - IDENTIFICADOR DO NÚMERO DE CONTROLE
campo de controle BR-BrBNA
005 - DATA E HORÁRIO DA ÚLTIMA TRANSAÇÃO
campo de controle 20240105113531.0
008 - CAMPO DE DADOS FIXOS--INFORMAÇÃO GERAL
campo de controle de tamanho fixo 230509b bl.|||m| |||| 00| 0 por d
040 ## - FONTE DA CATALOGAÇÃO
Instituição da catalogação original BR-BrBNA
Idioma da catalogação por
Instituição que transcreveu o registro Biblioteca Nacional de Agricultura
072 ## - CÓDIGO DE CATEGORIA DE ASSUNTO
Código de Categoria de Assunto M00; A50
090 ## - NÚMERO DE CHAMADA LOCAL
Número de chamada M00 BR7305610
110 1# - ENTRADA PRINCIPAL--NOME CORPORATIVO
Nome corporativo ou nome da jurisdição Programa de Pesquisa e Desenvolvimento Pesqueiro do Brasil, Brasilia, DF
9 (RLIN) 7975
245 1# - TÍTULO
Título Descricao sumaria das principais realizacoes do Programa de Pesquisa e Desenvolvimento Pesqueiro do Brasil - PDP 1970/1976
260 3# - PUBLICAÇÃO, DISTRIBUIÇÃO, ETC.
Local de publicação, distribuição, etc. Brasilia, DF (Brasil):
Data da publicação, distribuição, etc. Nov 1976.
300 ## - DESCRIÇÃO FÍSICA
Extensão 55 p.
490 ## - TÍTULO DA SÉRIE
Título da série Documentos Ocasionais - Programa de Pesquisa e Desenvolvimento Pesqueiro do Brasil (Brazil)
Número do volume ou designação sequencial da série no. 23
ISSN - International Standard Serial Number
650 ## - ASSUNTO--TERMO TÓPICO
Cabeçalho tópico ou nome geográfico Pesca
650 ## - ASSUNTO--TERMO TÓPICO
Cabeçalho tópico ou nome geográfico Desenvolvimento pesqueiro
650 ## - ASSUNTO--TERMO TÓPICO
Cabeçalho tópico ou nome geográfico Programa de pesquisa
909 ## -
-- 202312
-- Lúcia Elande
-- 55
-- Lúcia Elande
942 ## - ELEMENTOS DE ENTRADA ADICIONADOS (KOHA)
Fonte da classificação ou esquema de arquivamento na estante Classificação AGRIS
Ocultar no OPAC Não
Tipo de material Koha Monografia Seriada
Exemplares
Situação do descarte Fonte da classificação ou esquema de arquivamento na estante Situação física Não pode ser emprestado Coleção Biblioteca de origem Biblioteca atual Localização na estante Total de empréstimos Número de telefone completo Código de barras Data de último acesso Tipo de material Koha Fonte de aquisição
  Classificação AGRIS       Biblioteca Nacional de Agricultura - Binagri Biblioteca Nacional de Agricultura - Binagri Agrobase - Acervo Geral   M00 BR7305610 M00 BR7305610 18/12/2023 Monografia Seriada Portaria Interministerial nº 164/94

BINAGRI

Telefone: (61)3218-2567/2388/3357/2097 - binagri@agro.gov.br

Ministério da Agricultura e Pecuária , Esplanada dos Ministérios, Bloco D, Anexo B, Brasília/DF, CEP: 70.043-900